000 00992nam0a22002771 4500
001 rc\2133920
005 20250623062709.0
035 _a(NLR Aleph) 006629033
090 _a7530397
_c7530397
100 _a20110829d1978 |||y0rusy50 ca
101 0 _arus
102 _aRU
105 _aa z |||||
200 1 _aАналитический потенциал для описания полной потенциальной поверхности взаимодействия двух молекул воды
210 _aКиев
_cИТФ
_d1978
215 _a10 с.
_cил.
_d22
225 1 _aПрепринт
_fАН УССР, Ин-т теорет. физики
_vИТФ-78-153Р
320 _aБиблиогр.: с. 10
700 1 _aДолгушин
_bМ.Д.
_gМихаил Донатович
701 1 _aМаковский
_bН.Н.
801 0 _aRU
_bNLR
_gpsbo
801 1 _aRU
_bELAR
_2rusmarc
852 _aNLR
_j79-6/558
899 _aRuMoRGB
_jИн 66-12/206
942 _cBOOK
980 _aNB